00751nam a2200157Ia 4500008004100000041001200041082001200053100008200065245016000147260006600307300000900373536004600382942000700428999001700435952014100452211220s9999 xx 000 0 eng d aEnglish aRM.0388 aManjula, M.uNational institute of Mental Health and NeurosciencesvBangalore 0aMental health literacy on youth depression and suicides for teachers :bimpact on knowledge, attitudes, facilitating support and help seeking /cM. Manjula aNew Delhi :bIndian Council oF Social Science Research,c2017 a54p. aIndian Council of Social Science Research cRP c27194d27194 00102ddc40718IRPaNASSDOCbNASSDOCd2021-12-06eGifted by: RP Division ICSSRl0oRM.0388p51849r2021-12-20 00:00:00w2021-12-20yRP